00417nam a2200181Ia 4500003000900000008004100009040001300050040001300063041000800076100002200084245006500106250001100171260001500182260000900197300001100206300001200217490000600229IT-RoPAU120407s9999 xx 000 0 und d aIT-RoPAU cIT-RoPAU aita aIgnacio Larranaga aNostro fratello di Assisi. Storia di una esperienza di Dio: aPadova aMessaggero c1986 a366 p. c21,7 cm v1